Fr. Conceicao Rodrigues College of Engineering

Lectures on Costing (Record no. 21990)

MARC details
000 -LEADER
fixed length control field 00276nam a2200133Ia 4500
082 ## - DEWEY DECIMAL CLASSIFICATION NUMBER
Classification number 657.4
100 ## - MAIN ENTRY--PERSONAL NAME
Personal name Swaminathan
245 ## - TITLE STATEMENT
Title Lectures on Costing
260 ## - PUBLICATION, DISTRIBUTION, ETC.
Name of publisher, distributor, etc. S.Chand & co
Place of publication, distribution, etc. New Delhi
Date of publication, distribution, etc. 1985
300 ## - PHYSICAL DESCRIPTION
Extent 471
546 ## - LANGUAGE NOTE
Language note ENGLISH
654 ## - SUBJECT ADDED ENTRY--FACETED TOPICAL TERMS
Focus term Costing
942 ## - ADDED ENTRY ELEMENTS (KOHA)
Koha item type BOOK
Holdings
Withdrawn status Lost status Damaged status Not for loan Collection Home library Current library Date acquired Cost, normal purchase price Inventory number Total Checkouts Full call number Barcode Date due Date last seen Date last checked out Cost, replacement price Price effective from Koha item type Shelving location
        AFT Fr. Agnel's C.Rodrigues College of Engineering Fr. Agnel's C.Rodrigues College of Engineering 17/03/2023 16.50 1073   657.4 AFT716   17/03/2023   16.50 17/03/2023 BOOK  
        AFT Fr. Agnel's C.Rodrigues College of Engineering Fr. Agnel's C.Rodrigues- College of Engineering 17/03/2023 16.50 1073 1 657.4 AFT715 03/02/2016 12/06/2023 12/06/2023 16.50 17/03/2023 BOOK  
        CRC Fr. Agnel's C.Rodrigues College of Engineering Fr. Agnel's C.Rodrigues- College of Engineering 17/03/2023     1 657.42 SWA 9923 11/02/2010 05/06/2023 05/06/2023   17/03/2023 BOOK